| 000 | 01720nam0a2200349 4500 | ||
|---|---|---|---|
| 001 | RU\NLR\BIBL_A\012773738 | ||
| 005 | 20260405060118.0 | ||
| 035 | _a(NLR Aleph) 012773738 | ||
| 090 |
_a13100933 _c13100933 |
||
| 100 | _a20220427d1969 |||y0rusy50 ca | ||
| 101 | 0 | _aukr | |
| 102 | _aRU | ||
| 105 | _ac|||ja||001zb | ||
| 181 | 0 |
_ai _baxxe |
|
| 182 | 0 | _an | |
| 200 | 1 |
_aIван Котляревський _eсемiнарiй _eпосiбник для студентIв фiлологiчних факультетiв унiверситетiв та педiнститутiв _fМ.О. Мороз _gза загальною редакцiєю члена-кореспондента Академiï наук УРСР Є.П. Кирилюка |
|
| 203 |
_aТекст _bвизуальный _cнепосредственный |
||
| 210 |
_aКиïв _cВища школа _d1969 |
||
| 215 |
_a210, [1] с. _cпортр. _d21 |
||
| 300 | _aВ вып. дан. загл. и авт.: Иван Котляревский / Мороз М.А. | ||
| 320 | _aБиблиогр. в тексте: с. 129-201 и в подстроч. примеч. | ||
| 320 | _aБiблiогр. творiв I. Котляревського и лiт. про I. Котляревського: с. 101-128 | ||
| 320 | _aПокажч. iмен: с. 202-208 | ||
| 517 | 1 |
_6z11790 _aИван Котляревский _zrus |
|
| 700 | 1 |
_aМороз _bМ. А. |
|
| 702 | 1 |
_4280 _7ca _8ukr _aКотляревський _bI. П. _f1769-1838 _gIван Петрович _92550 _3RU\NLR\AUTH\7719478 |
|
| 790 | 1 |
_6z11517 _aМороз _bМ. А. |
|
| 852 |
_aNLR _j641/К-73 |
||
| 942 | _cBOOK | ||
| 980 | _aNB | ||